| 000 | 00520nam a2200193 a 4500 | ||
|---|---|---|---|
| 001 | 1757565323337 | ||
| 003 | YourLibrary | ||
| 005 | 20250915121311.0 | ||
| 008 | 250911s2005##################000#0#eng## | ||
| 020 | _a9780399153297 | ||
| 082 | 0 | 4 |
_a133.93 _bWAL |
| 100 | 1 |
_aWalsch, Neale Donald, _eauthor. |
|
| 245 | 1 | 0 | _aThe Complete Conversations with God : |
| 260 |
_bTarcherPerigee, _c2005. |
||
| 300 | _a754 pages | ||
| 650 | 0 | _aBody, Mind & Spirit. | |
| 942 | _cENGLISH | ||
| 040 |
_aYourLibrary _beng _cYourLibrary |
||
| 999 |
_c586933 _d586933 |
||